000 01146cam a2200277 i 4500
003 SA-RiAUC
005 20250114125946.0
008 250103s1973 le g 000 0 ara c
040 _aJO-AmJU
_bara
_cSA-RiAUC
_erda
082 0 4 _a255
_qSA-RiAUC
090 _a255
_b ا ب و و
100 1 _aأبو الوليد الباجي، سليمان بن خلف بن سعد،
_d403-474 هجري
_eمؤلف.
245 1 0 _aكتاب الحدود في الأصول /
_cتأليف أبو الوليد سليمان بن خلف الباجي ؛ تحقيق نزية حماد.
246 3 0 _aالحدود في الأصول
264 1 _aبيروت :
_bمؤسسة الزعبي،
_c1973
300 _a85 صفحة
336 _aنص
_btxt
_2rdacontent
_3كتاب
337 _aبدون وسيط
_bn
_2rdamedia
338 _aمجلد
_bnc
_2rdacarrier
650 7 _aالحدود (شريعة إسلامية)
_2aucsh
650 7 _aالعقوبات (فقه إسلامي)
_2aucsh
650 7 _aأصول الفقه الإسلامي
_2aucsh
700 1 _aحماد، نزيه كمال
_eمحقق.
942 _2ddc
_cBOOK
_n0
949 _aSA-JeALM
_d250103
_umohamedma123
_n1
999 _c4780
_d4780